The Federalist Papers /

Guardado en:
Bibliografiske detaljer
Hovedforfatter: Hacker, Andrew (selección e introducción)
Format: Bog
Sprog:engelsk
Udgivet: Nueva York, EUA : Washington Square, 1971, c1964
Fag:
Tags: Tilføj Tag
Ingen Tags, Vær først til at tagge denne postø!

MARC

LEADER 00000nam^a2200000^a^4500
001 000449028
005 20260323183451.0
009 20260407173353.068
037 |a Acervo ITESO - Biblioteca 
041 |a ING 
082 |a 320. 973  |b HAC 
100 |a Hacker, Andrew  |e (selección e introducción) 
245 1 4 |a The Federalist Papers /  |c Sel. e introd. de A. Hacker. 
264 4 |a Nueva York, EUA :  |b Washington Square,  |c 1971, c1964 
300 |a XVI, 190 p. 
336 |a texto  |b txt  |2 rdacontenido 
337 |a sin mediación  |b n  |2 rdamedio 
338 |a volumen  |b nc  |2 rdasoporte 
649 |a XX 
650 |a Gobierno Estatal -  |z EUA 
650 |a Gobierno Federal -  |z EUA 
650 |a Administración Pública -  |z EUA 
650 |a Federalismo -  |z EUA -  |x Tema Principal 
650 |a Política -  |z EUA -  |x Historia -  |x Tema Principal 
650 |a EUA -  |x Historia 
650 |a Hamilton, Alexander 
650 |a Jay, John 
650 |a Madison, James 
910 |a Fondo Efraín González Morfín 
920 |a Impresos - Libros 
930 |a Fondos Especiales 
905 |a 130 
901 |a 0500373855  |b IT2  |c ESL  |i D87240  |u 20250521 
902 |a https://opac.biblio.iteso.mx/vufind/Record/000449028